000 00724nam a2200217 i 4500
001 bg
100 1 _aDRELICHOWSKI, Ludosław
245 1 0 _aElementy teorii i praktyki zarządzania z technikami informacyjnymi w przedsiębiorstwie /
_cLudosław Drelichowski.
260 _aBydgoszcz :
_bWydawnictwa Uczelniane Akademii Techniczno-Rolniczej,
_c2000.
300 _a192 s. :
_bil. ;
_c24 cm.
504 _aBibliogr.
650 9 _aInformacja dla zarządzania
_xkomputeryzacja
650 9 _aPrzedsiębiorstwo
_xorganizacja
_xkomputeryzacja
020 _a8387274526
040 _cBPK
041 0 _apl
080 _a658.1/.5.012.4:004
920 _a83-87274-52-6
942 _cKS
008 s pl f |000 0 pol
999 _c38359
_d38359
856 _uhttp://koha.tu.koszalin.pl/cgi-bin/koha/opac-detail.pl?biblionumber=38359
_yKatalog online BPK